|
|
|
|
| LEADER |
01730nam a2200433 a 4500 |
| 001 |
000566412 |
| 003 |
CZ BrMZK |
| 005 |
20220113191540.0 |
| 007 |
ta |
| 008 |
000115s2000 xr e f cze d |
| 040 |
|
|
|a BOA001
|b cze
|
| 043 |
|
|
|a e-xr---
|b e-xr-jm
|2 czenas
|
| 045 |
|
|
|a x5y0
|
| 072 |
|
7 |
|a 371
|x Školství (organizace)
|2 Konspekt
|9 22
|
| 080 |
|
|
|a 37.057
|2 MRF
|
| 080 |
|
|
|a 37.018.554
|2 MRF
|
| 080 |
|
|
|a 81'24
|2 MRF
|
| 080 |
|
|
|a (437.322)
|2 MRF
|
| 080 |
|
|
|a (036)
|2 MRF
|
| 080 |
|
|
|a (082.2)
|2 MRF
|
| 100 |
1 |
|
|a Chalupová, Eva
|7 mzk2003165698
|4 aut
|
| 245 |
1 |
0 |
|a Státní jazyková škola Brno 1950-2000 :
|b sborník k 50. výročí založení školy /
|c [zpracovali: Eva Chalupová, Kristián Chalupa].
|
| 260 |
|
|
|a Brno :
|b Státní jazyková škola,
|c 2000
|
| 300 |
|
|
|a 59 s. :
|b il. (některé barev.) ;
|c 21 cm
|
| 500 |
|
|
|a Vydáno k 50. výročí založení školy
|
| 610 |
2 |
4 |
|a Státní jazyková škola (Brno, Česko)
|
| 648 |
|
4 |
|a 1950-2000
|
| 650 |
0 |
7 |
|a veřejné školy
|7 ph127087
|z Česko
|y 20. stol.
|2 czenas
|
| 650 |
0 |
7 |
|a jazykové školy
|7 ph114819
|z Česko
|y 20. stol.
|2 czenas
|
| 650 |
0 |
7 |
|a studium jazyků
|7 ph162895
|z Česko
|y 20. stol.
|2 czenas
|
| 650 |
0 |
7 |
|a jazyková výuka
|7 ph162894
|z Česko
|y 20. stol.
|2 czenas
|
| 651 |
|
7 |
|a Brno (Česko)
|7 ge134084
|2 czenas
|
| 655 |
|
7 |
|a informační publikace
|7 fd132454
|2 czenas
|
| 655 |
|
7 |
|a jubilejní publikace
|7 fd131839
|2 czenas
|
| 700 |
1 |
|
|a Chalupa, Kristián,
|d 1950-
|7 xx0003735
|4 aut
|
| 910 |
|
|
|a BOA001
|b 2-1088.031
|
| 990 |
|
|
|a BK
|
| 996 |
6 |
|
|b 2610138724
|c 2-1088.031
|l MZK
|r Sklad / do 1 hodiny
|n 0
|p p.v.
|w 000566412
|u 000010
|a 1
|e BOA001
|j MZK50
|s P
|
| 996 |
6 |
|
|b 2610597668
|c 2-1088.031
|l MZK
|r Sklad / do 1 hodiny
|n 0
|p dar
|w 000566412
|u 000020
|a 1
|e BOA001
|j MZK50
|s P
|